العقود والشركات التجارية فقهاً وقضاءاً / (رقم التسجيلة. 80931)

تفاصيل مارك
000 -الفاتح
عناصر البيانات ثابتة الطول 00778cam a2200217 i 4500
005 - تاريخ ووقت آخر معاملة
حقل ضبط 20260126103501.0
008 - عناصر البيانات ثابتة الطول
عناصر البيانات ثابتة الطول 250721s1999 ua gr 000 0 ara d
020 ## - الترقيم الدولي المعياري للكتب (ردمك)
الترقيم الدولي المعياري للكتب (ردمك) 9775394848
082 14 - رقم تصنيف ديوي العشري
رقم التصنيف 346.066
رقم المادة أ ح م
100 1# - مدخل رئيسي – اسم شخصي
الاسم الشخصي أحمد، إبراهيم سيد
علاقة الشخص بالعمل/ دوره مؤلف.
245 12 - بيان العنوان
العنوان العقود والشركات التجارية فقهاً وقضاءاً /
بيان المسؤولية ابراهيم سيد احمد.
250 ## - بيان الطبعة
بيان الطبعة الطبعة الأولى.
264 31 - بيانات النشر، التوزيع…إلخ
مكان النشر، التوزيع...إلخ الإسكندرية :
اسم الناشر، الموزع...إلخ دار الجامعة الجديدة للنشر،
تاريخ النشر، التوزيع...إلخ 1999.
300 ## - الوصف المادي
عدد الوحدات المكونة للوعاء 247 صفحة.
650 17 - مدخل إضافي بالموضوع - مصطلح موضوعي
مصطلح موضوعي أو اسم جغرافي كعنصر مدخل قانون الشركات.
650 17 - مدخل إضافي بالموضوع - مصطلح موضوعي
مصطلح موضوعي أو اسم جغرافي كعنصر مدخل القانون التجاري.
650 17 - مدخل إضافي بالموضوع - مصطلح موضوعي
مصطلح موضوعي أو اسم جغرافي كعنصر مدخل العقود.
650 17 - مدخل إضافي بالموضوع - مصطلح موضوعي
مصطلح موضوعي أو اسم جغرافي كعنصر مدخل التوكيل.
942 ## - بيانات إضافية (كوها)
نوع التنصيف Dewey Decimal Classification
نوع المادة (كوها) كتب
المقتنيات
حالة السحب حالة الفقدان مصدر التصنيف حالة التلف غير قابل للإعارة المكتبة الرئيسية المكتبة الحالية موقع الرف تاريخ التزويد الرقم المتسلسل Total Checkouts رقم الإستدعاء الباركود تاريخ آخر ظهور تاريخ الفاتورة نوع المادة (كوها)
    Dewey Decimal Classification     المكتبة المركزية المكتبة المركزية الإعارة 02/11/2016 1629111   346.066 / أ ح م PLD00397635 28/07/2025 02/11/2016 كتب
Implemented & Customized by: BBB with SCIT (Smart Chains for Information Technology)

Powered by Koha